000 00364pab a2200145 454500
008 180718b1985 xxu||||| |||| 00| 0 eng d
100 _aGrover, A.N.
245 _aRegulation of media publicity relating to court cases
260 _c1985
300 _a3-6
362 _aJan.
650 _aMass Media
773 _aPress Council of Indian Review
909 _a13296
999 _c13296
_d13296